| 000 | 00778nas a2200253 4500 | ||
|---|---|---|---|
| 001 | BR9607038 | ||
| 003 | BR-BrBNA | ||
| 005 | 20231205095918.0 | ||
| 007 | ta | ||
| 008 | 230509b bl.|||p| |||| 00| 00por d | ||
| 040 |
_aBR-BrBNA _bpor _cBiblioteca Nacional de Agricultura |
||
| 041 | _a(Pt) | ||
| 072 | _aJ11 | ||
| 100 | 1 | _aArgenta, L.C. | |
| 100 | 1 | _aBrackmann, A. | |
| 245 | 1 | _aCondicoes ideais para conservacao de macas 'Golden Delicious' em camara de armazenagem | |
| 650 | _aMaca | ||
| 650 | _aPos-Colheita | ||
| 650 | _aArmazenamento | ||
| 650 | _aPreservacao de Alimento | ||
| 773 | 0 |
_tPesquisa Agropecuaria Brasileira (Brazil) _xISSN 0100-204X _g(Jun 1996), v. 31(6) p. 387-392 _wBR9607038 |
|
| 909 |
_a202311 _bLúcia _c55 _dLúcia Elande |
||
| 942 |
_2AGRIS _n0 _cANA |
||
| 999 |
_c153428 _d153428 |
||